Request For Execution Approval For The Techiman Water Supply Project (Record no. 2147)

MARC details
000 -LEADER
fixed length control field 00425nam a2200145Ia 4500
008 - FIXED-LENGTH DATA ELEMENTS--GENERAL INFORMATION
fixed length control field 240429s9999||||xx |||||||||||||| ||und||
041 ## - LANGUAGE CODE
Language code of text/sound track or separate title eng
082 ## - DEWEY DECIMAL CLASSIFICATION NUMBER
Classification number PM/TWSP/20
100 ## - MAIN ENTRY--PERSONAL NAME
Personal name Parliament of Ghana
245 #0 - TITLE STATEMENT
Title Request For Execution Approval For The Techiman Water Supply Project
300 ## - PHYSICAL DESCRIPTION
Extent 43p;tabs
650 ## - SUBJECT ADDED ENTRY--TOPICAL TERM
Topical term or geographic name entry element Request For Execution Approval For The Techiman Water Supply Project
942 ## - ADDED ENTRY ELEMENTS (KOHA)
Koha item type Memorandum
Holdings
Withdrawn status Lost status Damaged status Not for loan Home library Current library Shelving location Date acquired Total checkouts Full call number Date last seen Copy number Price effective from Koha item type
        Main Library Main Library Open Shelves 21/12/2022   PM/TWSP/20 4094 29/04/2024 1 29/04/2024 Memorandum
©2026  Parliament of Ghana Library - All rights reserved